Our Bible / (Record no. 163)

MARC details
000 -LEADER
fixed length control field 00411nam a2200169Ia 4500
003 - CONTROL NUMBER IDENTIFIER
control field OSt
005 - DATE AND TIME OF LATEST TRANSACTION
control field 20241126110331.0
008 - FIXED-LENGTH DATA ELEMENTS--GENERAL INFORMATION
fixed length control field 160530b xxu||||| |||| 00| 0 eng d
040 ## - CATALOGING SOURCE
Transcribing agency gbc
082 ## - DEWEY DECIMAL CLASSIFICATION NUMBER
Classification number 220.1
Item number ADA
100 ## - MAIN ENTRY--PERSONAL NAME
Personal name Adams, J. McKee
9 (RLIN) 8383
245 ## - TITLE STATEMENT
Title Our Bible /
Statement of responsibility, etc. J. McKee Adams
260 ## - PUBLICATION, DISTRIBUTION, ETC.
Name of publisher, distributor, etc. Convention Press,
Place of publication, distribution, etc. Nashville:
Date of publication, distribution, etc. 1963
300 ## - PHYSICAL DESCRIPTION
Extent 113 p.;
Dimensions 20 cm.
653 ## - INDEX TERM--UNCONTROLLED
Uncontrolled term Bible
942 ## - ADDED ENTRY ELEMENTS (KOHA)
Source of classification or shelving scheme Dewey Decimal Classification
Koha item type Books
Koha issues (borrowed), all copies 4
Holdings
Withdrawn status Lost status Source of classification or shelving scheme Damaged status Not for loan Home library Current Library Shelving location Date acquired Total checkouts Full call number Barcode Date last seen Date last checked out Price effective from Koha item type
    Dewey Decimal Classification     GRACE BIBLE COLLEGE GRACE BIBLE COLLEGE Biblical Studies 2016-05-30 4 220.1 ADA 007563 2025-05-01 2023-12-02 2016-05-30 Books
© Grace Bible College Library 2025